[Event "ICS rated standard match"]
[Site "204.178.125.65"]
[Date "2000.02.11"]
[Round "?"]
[White "Hossa"]
[Black "BarkingCow"]
[Result "1/2-1/2"]
[WhiteElo "2259"]
[BlackElo "2227"]
[PlyCount "235"]

1. e4 e5 2. Nf3 Nc6 3. Bb5 a6 4. Ba4 Nf6 5. O-O Be7 6. Re1 b5 7. Bb3 d6 8. c3
O-O 9. h3 Na5 10. Bc2 c5 11. d4 Qc7 12. Nbd2 cxd4 13. cxd4 Nc6 14. a3 Bd7 15.
d5 Na5 16. Nf1 Rfc8 17. Bd3 h6 18. Bd2 Qd8 19. b3 Rab8 20. Ne3 Bf8 21. Ra2 g6
22. Bb4 Nb7 23. Qb1 Nh5 24. Rc2 Nf4 25. Bf1 Qf6 26. Nh2 a5 27. Neg4 Qg7 28. Bd2
Rxc2 29. Qxc2 Rc8 30. Qb1 f5 31. Ne3 fxe4 32. Qxe4 Nc5 33. Qb1 a4 34. bxa4 bxa4
35. Neg4 Bf5 36. Qa2 Nb3 37. Ne3 Be4 38. Ba6 Rc7 39. f3 Bxd5 40. Nxd5 Nxd5 41.
Bb5 Nc3 42. Bxc3 Rxc3 43. Kh1 Qf7 44. Qb2 Rc8 45. Bxa4 Nd4 46. Ng4 Ra8 47. Bd1
Bg7 48. Qb6 Qf8 49. f4 exf4 50. Qb4 h5 51. Nh2 d5 52. Qb7 Rxa3 53. Qxd5+ Kh8
54. Qd7 Re3 55. Rg1 Qe7 56. Qc8+ Kh7 57. Qb8 Be5 58. Qc8 Bc7 59. Qb7 Re1 60.
Nf3 Nxf3 61. Bxf3 Kh6 62. Qa7 Rxg1+ 63. Qxg1 Kg5 64. Qb1 Qf6 65. Qc1 Be5 66.
Bd5 Qd8 67. Qc5 Bd6 68. Qb5 Qe7 69. Be4+ Kh6 70. Qd5 Be5 71. Qc6 Qg5 72. Qd5
Qf6 73. Qd1 Bd4 74. Qa4 Bc5 75. Qc2 Qd4 76. Qb1 Qf2 77. Bc6 h4 78. Be8 Qg3 79.
Bc6 Bd4 80. Be4 Qf2 81. Bc6 Qe2 82. Be4 Bc5 83. Bd5 Qe5 84. Be4 Qf6 85. Kh2 Bf2
86. Kh1 Qd6 87. Qd3 Qe5 88. Qb1 Qg7 89. Bd3 Be3 90. Be4 Qf6 91. Qc2 Qa6 92. Bd3
Qa1+ 93. Qb1 Qf6 94. Be4 Qd6 95. Qc2 Bb6 96. Qd3 Qc5 97. Qb1 Qf2 98. Bc6 Bc7
99. Be8 Qg3 100. Qc1 Be5 101. Bd7 Kg5 102. Be8 Qb3 103. Bc6 Qb6 104. Be4 Qf2
105. Qg1 Qe2 106. Qb1 Kh6 107. Bd5 Qf2 108. Bf7 Qg3 109. Qe4 Kg7 110. Qxe5+
Kxf7 111. Qd5+ Kf6 112. Qd6+ Kg7 113. Qe5+ Kh6 114. Qh8+ Kg5 115. Qe5+ Kh6 116.
Qh8+ Kg5 117. Qe5+ Kh6 118. Qh8+ 1/2-1/2

[Event "ICS rated blitz match"]
[Site "204.178.125.65"]
[Date "2000.02.11"]
[Round "?"]
[White "Hossa"]
[Black "BarkingCow"]
[Result "0-1"]
[WhiteElo "2507"]
[BlackElo "2749"]
[PlyCount "174"]

1. e4 e5 2. Nf3 Nc6 3. Bb5 a6 4. Ba4 Nf6 5. O-O Be7 6. Re1 b5 7. Bb3 d6 8. c3
O-O 9. h3 Na5 10. Bc2 c5 11. d4 Qc7 12. Nbd2 cxd4 13. cxd4 Nc6 14. a3 Bd7 15.
Nb3 Rfc8 16. Bg5 h6 17. Bh4 b4 18. Rc1 bxa3 19. bxa3 Qd8 20. Bd3 exd4 21. Nbxd4
Ne5 22. Qd2 a5 23. Rxc8 Rxc8 24. Ba6 Ra8 25. Bf1 Rc8 26. Qe3 Nh5 27. Bxe7 Qxe7
28. Rb1 Qf6 29. Rb7 Nxf3+ 30. Nxf3 Be8 31. Nd4 Kh8 32. Ba6 Qf4 33. Qxf4 Nxf4
34. Kh2 Rd8 35. Bb5 Bxb5 36. Nxb5 Kg8 37. Ra7 d5 38. exd5 Rxd5 39. Rxa5 Rd2 40.
Kg3 Ne2+ 41. Kg4 Ng1 42. Ra8+ Kh7 43. Kg3 Ne2+ 44. Kh4 Rd5 45. a4 Rf5 46. g3
Rxf2 47. Nd6 Ng1 48. Re8 Kg6 49. Re3 Nf3+ 50. Kg4 h5+ 51. Kf4 Ng5+ 52. Ke5 Rd2
53. Ne4 f6+ 54. Kf4 Nxh3+ 55. Kf3 Ng1+ 56. Kf4 Rd1 57. Nc5 Rc1 58. Nd7 Rc4+ 59.
Re4 Nh3+ 60. Ke3 Rc3+ 61. Kd4 Rxg3 62. Kc4 Kf5 63. Re8 Rg4+ 64. Kb5 Rd4 65. Nc5
Ng5 66. a5 Nf7 67. Rg8 Nd6+ 68. Kc6 Ne4 69. Nxe4 Kxe4 70. Rxg7 Ra4 71. Kb6 Rb4+
72. Kc5 Rb8 73. Rh7 Rc8+ 74. Kd6 Ra8 75. Rxh5 Ra6+ 76. Kc7 f5 77. Rh4+ f4 78.
Rh5 f3 79. Rh4+ Ke3 80. Rh5 f2 81. Re5+ Kf4 82. Re2 f1=Q 83. Rh2 Qc4+ 84. Kd8
Qd5+ 85. Kc8 Rc6+ 86. Kb8 Qb5+ 87. Ka7 Ra6# 0-1

[Event "ICS rated blitz match"]
[Site "204.178.125.65"]
[Date "2000.02.11"]
[Round "?"]
[White "Hossa"]
[Black "BarkingCow"]
[Result "1/2-1/2"]
[WhiteElo "2527"]
[BlackElo "2729"]
[PlyCount "119"]

1. e4 e5 2. Nf3 Nc6 3. Bb5 a6 4. Ba4 Nf6 5. O-O Be7 6. Re1 b5 7. Bb3 d6 8. c3
O-O 9. h3 Na5 10. Bc2 c5 11. d4 Qc7 12. Nbd2 cxd4 13. cxd4 Nc6 14. a3 Bd7 15.
d5 Na5 16. Nf1 Rfc8 17. Bd3 h6 18. Bd2 Nc4 19. Rc1 Qd8 20. Bc3 Rc7 21. b3 Nb6
22. Re2 Nh5 23. Rec2 Rac8 24. Bd2 Rxc2 25. Rxc2 Rxc2 26. Bxc2 Nf6 27. Qc1 Nh7
28. Ne3 Ng5 29. Nxg5 Bxg5 30. Bd3 Na8 31. Bb4 Qf6 32. Qc2 Bxe3 33. fxe3 Qg6 34.
a4 Bxh3 35. axb5 axb5 36. Bxb5 Nb6 37. Bd3 Bg4 38. Qc6 Nc8 39. Kf2 Qf6+ 40. Kg3
Qg5 41. Qc7 Kh7 42. Kf2 Qh4+ 43. Kg1 Qg5 44. Bd2 Bf3 45. Bf1 Qg4 46. Qxf7 Bxe4
47. Qf8 Bxd5 48. b4 Bc4 49. Bxc4 Qxc4 50. Qf5+ Kg8 51. Qd7 Qc2 52. Be1 Kh7 53.
Bg3 h5 54. b5 Qc5 55. Bf2 e4 56. Qe8 Qf5 57. Qd8 Qc5 58. Qe8 Qf5 59. Qd8 Qc5
60. Qe8 1/2-1/2

[Event "ICS rated blitz match"]
[Site "204.178.125.65"]
[Date "2000.02.11"]
[Round "?"]
[White "Hossa"]
[Black "Amateur"]
[Result "1-0"]
[WhiteElo "2535"]
[BlackElo "2405"]
[PlyCount "149"]

1. e4 e6 2. d4 d5 3. Nc3 Nf6 4. e5 Nfd7 5. f4 c5 6. Nf3 Nc6 7. Be3 Qb6 8. Na4
Qa5+ 9. c3 b6 10. Bd2 c4 11. b3 b5 12. Nb2 b4 13. cxb4 Bxb4 14. bxc4 Rb8 15.
cxd5 Bxd2+ 16. Qxd2 Rxb2 17. Qxa5 Nxa5 18. d6 Bb7 19. Be2 O-O 20. Kf2 Ba6 21.
Rhe1 Bd3 22. Rad1 Be4 23. Ng5 Bg6 24. Rc1 Bc2 25. Ra1 Nc6 26. Nf3 Nb4 27. a3
Nd5 28. Kg3 Rfb8 29. Bc4 Nc3 30. Rec1 Rc8 31. Bf1 Be4 32. Kh3 Bf5+ 33. g4 Bg6
34. a4 Rf2 35. Nh4 Bc2 36. Ra3 Nb6 37. Ba6 Nbd5 38. Re1 Rb8 39. Kg3 Rd2 40. Nf3
Rd1 41. Rxd1 Bxd1 42. Bd3 Nxa4 43. f5 exf5 44. gxf5 Rb6 45. d7 Rb8 46. e6 Ne7
47. exf7+ Kxf7 48. Ng5+ Kf8 49. Ne6+ Kf7 50. d8=Q Rxd8 51. Nxd8+ Kf6 52. Kf2
Nd5 53. Ke1 Nb4 54. Kxd1 Nxd3 55. Rxd3 Nb2+ 56. Ke2 Nxd3 57. Kxd3 Kxf5 58. Nc6
Ke6 59. Nxa7 Kd5 60. Nb5 h6 61. Nc7+ Kc6 62. Ne6 g6 63. Ke4 Kd6 64. Nf8 g5 65.
Nh7 Ke6 66. Nxg5+ hxg5 67. d5+ Kf6 68. h3 Ke7 69. Kf5 Kd6 70. Kxg5 Kxd5 71. Kf6
Kd6 72. h4 Kd7 73. h5 Kd6 74. h6 Kd5 75. h7 1-0

[Event "ICS rated standard match"]
[Site "204.178.125.65"]
[Date "2000.02.11"]
[Round "?"]
[White "Pickax"]
[Black "Hossa"]
[Result "0-1"]
[WhiteElo "1966"]
[BlackElo "2259"]
[PlyCount "66"]

1. e4 e5 2. Nf3 Nc6 3. Bb5 a6 4. Ba4 Nf6 5. Nc3 b5 6. Bb3 Bc5 7. Nxe5 Nxe5 8.
d4 Bd6 9. dxe5 Bxe5 10. f4 Bxc3+ 11. bxc3 Bb7 12. e5 Ne4 13. O-O Nxc3 14. Qh5
Bd5 15. Bb2 Qe7 16. Kh1 Bxb3 17. Bxc3 Bxc2 18. f5 Qa3 19. e6 dxe6 20. fxe6
O-O-O 21. Bxg7 fxe6 22. Bxh8 Rxh8 23. Qe5 Rd8 24. Rac1 Rd2 25. Qxe6+ Kb7 26. h3
Qg3 27. Rg1 Qf4 28. Rcf1 Qc4 29. Qxc4 bxc4 30. Rf4 Bd3 31. Ra1 c3 32. Rd4 c2
33. Rxd3 Rxd3 0-1

[Event "ICS rated blitz match"]
[Site "204.178.125.65"]
[Date "2000.02.11"]
[Round "?"]
[White "MissSilicon"]
[Black "Hossa"]
[Result "1-0"]
[WhiteElo "2608"]
[BlackElo "2545"]
[PlyCount "131"]

1. Nf3 d5 2. c4 e6 3. g3 Nf6 4. Bg2 dxc4 5. Qa4+ Nbd7 6. O-O Bd6 7. Qxc4 O-O 8.
d4 e5 9. Nc3 Nb6 10. Qd3 exd4 11. Qxd4 c5 12. Qd3 Be7 13. Qc2 Be6 14. Ng5 Qc8
15. Nxe6 fxe6 16. Rd1 c4 17. Bf4 Bc5 18. Ne4 Nfd5 19. Ng5 Bxf2+ 20. Kxf2 Rxf4+
21. gxf4 Qc5+ 22. Ke1 Qg1+ 23. Bf1 Qxh2 24. Qe4 Qg3+ 25. Kd2 Qxf4+ 26. Qxf4
Nxf4 27. e3 Rd8+ 28. Kc1 Nd3+ 29. Bxd3 cxd3 30. Nxe6 Rc8+ 31. Kb1 Re8 32. Nc5
Rxe3 33. Nxd3 g5 34. Kc2 Re2+ 35. Kb3 Re3 36. Rac1 Re7 37. Re1 Rd7 38. Nc5 Rc7
39. Ne6 Rxc1 40. Rxc1 Kf7 41. Nxg5+ Kg6 42. Ne4 h5 43. Rc7 Kf5 44. Nd6+ Ke5 45.
Nc4+ Nxc4 46. Kxc4 Ke4 47. Rc5 h4 48. Rh5 b6 49. Rxh4+ Ke3 50. Kb5 Kd2 51. b3
Kc3 52. Ra4 a6+ 53. Kxb6 a5 54. Rxa5 Kd4 55. a4 Ke3 56. Re5+ Kf4 57. Rc5 Ke4
58. a5 Kf3 59. a6 Ke3 60. a7 Ke2 61. a8=Q Ke3 62. Re5+ Kf4 63. Qe4+ Kg3 64.
Rg5+ Kf2 65. Rg2+ Kf1 66. Qe2# 1-0

[Event "ICS Rated blitz match"]
[Site "204.178.125.65"]
[Date "2000.02.11"]
[Round "?"]
[White "Hossa"]
[Black "Yofi-tofi"]
[Result "1-0"]
[WhiteElo "2532"]
[BlackElo "2203"]
[PlyCount "52"]

1. e4 e6 2. d4 d5 3. Nc3 Bb4 4. a3 Bxc3+ 5. bxc3 dxe4 6. Qg4 Nf6 7. Qxg7 Rg8 8.
Qh6 Nbd7 9. Bg5 Qe7 10. Qh4 Rg6 11. Ne2 h6 12. Bxh6 Rg4 13. Qh3 e5 14. Bd2 Nb6
15. Ng3 Be6 16. dxe5 Ng8 17. Bb5+ c6 18. Be2 Rg6 19. Qh7 O-O-O 20. Bh5 Rg5 21.
Bxg5 Qxg5 22. Bxf7 Qd2+ 23. Kf1 Bc4+ 24. Bxc4 Nxc4 25. Rb1 Nb6 26. Nxe4 Qxc2
1-0

[Event "ICS rated blitz match"]
[Site "204.178.125.65"]
[Date "2000.02.11"]
[Round "?"]
[White "Vanhelgi"]
[Black "Hossa"]
[Result "0-1"]
[WhiteElo "2256"]
[BlackElo "2536"]
[PlyCount "44"]

1. e4 e5 2. Nf3 Nc6 3. Bb5 a6 4. Bxc6 dxc6 5. O-O f6 6. d4 exd4 7. Nxd4 c5 8.
Nb3 Qxd1 9. Rxd1 Bg4 10. f3 Be6 11. Bf4 c4 12. Nd4 O-O-O 13. Nc3 Bf7 14. Kf1 g5
15. Be3 Bb4 16. Nce2 Ne7 17. c3 Bd6 18. g3 h5 19. Nf5 Nxf5 20. exf5 Rhe8 21.
Kf2 Re5 22. g4 Rde8 0-1

[Event "ICS Rated blitz match"]
[Site "204.178.125.65"]
[Date "2000.02.11"]
[Round "?"]
[White "Hossa"]
[Black "MissSilicon"]
[Result "0-1"]
[WhiteElo "2541"]
[BlackElo "2621"]
[PlyCount "61"]

1. e4 c5 2. Nf3 Nc6 3. d4 cxd4 4. Nxd4 Nf6 5. Nc3 d6 6. Bg5 e6 7. Qd2 a6 8.
O-O-O Bd7 9. f4 Be7 10. Nf3 b5 11. e5 b4 12. exf6 bxc3 13. Qxc3 gxf6 14. Bh4 a5
15. Kb1 O-O 16. Nd2 d5 17. Bb5 Rc8 18. Be2 Rb8 19. Rhe1 Bb4 20. Qg3+ Kh8 21.
Kc1 Rg8 22. Qh3 Bd6 23. g3 e5 24. Qf1 Nb4 25. fxe5 Bxe5 26. Kb1 Nxc2 27. Kxc2
Rxb2+ 28. Kc1 Qb6 29. Nc4 Rc8 30. Bd3 dxc4 31. Bf5 0-1

[Event "ICS Rated blitz match"]
[Site "204.178.125.65"]
[Date "2000.02.11"]
[Round "?"]
[White "MissSilicon"]
[Black "Hossa"]
[Result "1-0"]
[WhiteElo "2623"]
[BlackElo "2529"]
[PlyCount "61"]

1. Nf3 d5 2. c4 e6 3. g3 Nf6 4. Bg2 dxc4 5. Qa4+ Nbd7 6. O-O Bd6 7. Qxc4 O-O 8.
d4 Nb6 9. Qc2 Bd7 10. Ne5 Bc8 11. e4 Bxe5 12. dxe5 Nfd7 13. Rd1 f6 14. exf6
Qxf6 15. a4 Nb8 16. f4 Na6 17. Bf1 Rd8 18. a5 Rxd1 19. Qxd1 Nd7 20. Bxa6 bxa6
21. Nc3 Rb8 22. Ra2 g6 23. Be3 Rb7 24. e5 Qf5 25. b3 Qh3 26. Rd2 c5 27. Ne4 Rb8
28. Nf6+ Nxf6 29. exf6 Kf7 30. Rd8 g5 31. Qd6 1-0

[Event "ICS Rated blitz match"]
[Site "204.178.125.65"]
[Date "2000.02.11"]
[Round "?"]
[White "MissSilicon"]
[Black "Hossa"]
[Result "1/2-1/2"]
[WhiteElo "2675"]
[BlackElo "2517"]
[PlyCount "192"]

1. d4 d5 2. c4 e6 3. Nc3 Nf6 4. Bg5 Be7 5. e3 O-O 6. Nf3 Nbd7 7. Rc1 c6 8. Bd3
dxc4 9. Bxc4 Nd5 10. Bxe7 Qxe7 11. O-O Nxc3 12. Rxc3 e5 13. Nxe5 Nxe5 14. dxe5
Qxe5 15. f4 Qf6 16. f5 g6 17. e4 gxf5 18. exf5 Bxf5 19. Kh1 b5 20. Bd3 Rad8 21.
Qc1 Qxc3 22. Qxc3 Bxd3 23. Rf4 Rfe8 24. h3 Re6 25. Rd4 Rxd4 26. Qxd4 Bc4 27.
Qxa7 Bd5 28. Kg1 Rg6 29. Qb8+ Kg7 30. Qe5+ Kg8 31. g3 Bxa2 32. Kf2 Re6 33. Qg5+
Kh8 34. b4 Bd5 35. Qh5 Rf6+ 36. Ke1 Re6+ 37. Kd2 h6 38. Kd3 Bc4+ 39. Kd4 Rd6+
40. Kc3 Rd3+ 41. Kc2 Kh7 42. Qf5+ Kg8 43. Qg4+ Kh7 44. Qe4+ Kg7 45. Qe5+ Kh7
46. h4 Rb3 47. Qe4+ Kg7 48. Qg4+ Kh7 49. Qf4 Rxb4 50. Qe4+ Kg7 51. Qxc6 Ra4 52.
Qd6 Kh7 53. Kc3 Be6 54. Qd3+ f5 55. Qxb5 Ra3+ 56. Kd4 Rxg3 57. Qe8 Rg6 58. h5
Rg4+ 59. Ke5 Ba2 60. Kxf5 Rg7 61. Qe4 Bd5 62. Qd3 Kh8 63. Kf6 Rg5 64. Qe3 Bc6
65. Qa3 Kg8 66. Qb3+ Bd5 67. Qb8+ Kh7 68. Qc7+ Kh8 69. Qd8+ Kh7 70. Qe7+ Kh8
71. Qf8+ Kh7 72. Qe8 Bf3 73. Qf7+ Kh8 74. Qf8+ Kh7 75. Qe7+ Kh8 76. Qd8+ Rg8
77. Qd2 Rg5 78. Qd4 Bxh5 79. Qb2 Rg7 80. Qe5 Bg6 81. Ke6 h5 82. Kf6 Kh7 83. Qd4
Rf7+ 84. Kg5 Rf5+ 85. Kh4 Rf7 86. Qe5 Rf5 87. Qe4 Rf7 88. Qd4 Rf8 89. Qd2 Kg7
90. Qd7+ Rf7 91. Qd4+ Kh7 92. Qd6 Kg7 93. Qe5+ Kh7 94. Qe3 Rc7 95. Qf4 Rf7 96.
Qd6 Kg7 1/2-1/2

[Event "ICS Rated blitz match"]
[Site "204.178.125.65"]
[Date "2000.02.11"]
[Round "?"]
[White "Hossa"]
[Black "Beadle"]
[Result "0-1"]
[WhiteElo "2524"]
[BlackElo "2599"]
[PlyCount "88"]

1. e4 c6 2. d4 d5 3. Nc3 dxe4 4. Nxe4 Nf6 5. Nxf6+ exf6 6. Bc4 Bd6 7. Qe2+ Qe7
8. Qxe7+ Kxe7 9. Nf3 Be6 10. Bd3 Bd5 11. Nd2 Kf8 12. O-O Nd7 13. f4 g6 14. f5
b5 15. a4 b4 16. c4 bxc3 17. bxc3 c5 18. Rf2 cxd4 19. cxd4 Re8 20. Nf1 Kg7 21.
Ne3 Bb7 22. h4 Bg3 23. Rf1 Bxh4 24. Bb5 Re7 25. Nd1 Rd8 26. Bd2 Re4 27. Rb1
Rxd4 28. Bc3 Rg4 29. Ne3 Rg3 30. Ba5 Nb6 31. Be1 Rxe3 32. Bxh4 Rd2 33. Bf2 Re5
34. a5 Nc8 35. fxg6 Rg5 36. Bc6 Bxc6 37. Rfc1 Rxg2+ 38. Kh1 Bf3 39. Rc3 Rgxf2+
40. Rxf3 Rxf3 41. gxh7 Ra3 42. h8=Q+ Kxh8 43. a6 Rxa6 44. Rc1 Nd6 0-1

[Event "ICS Rated blitz match"]
[Site "204.178.125.65"]
[Date "2000.02.11"]
[Round "?"]
[White "Amateur"]
[Black "Hossa"]
[Result "0-1"]
[WhiteElo "2448"]
[BlackElo "2508"]
[PlyCount "212"]

1. e4 e5 2. Nf3 Nc6 3. d4 exd4 4. Nxd4 Nf6 5. Nxc6 bxc6 6. e5 Qe7 7. Qe2 Nd5 8.
Nd2 Qe6 9. Qe4 Nb4 10. Rb1 d5 11. exd6 cxd6 12. Bd3 Qxe4+ 13. Bxe4 d5 14. a3
dxe4 15. axb4 Bf5 16. Nc4 Bxb4+ 17. c3 Bc5 18. Ra1 Be6 19. Na5 Bd5 20. Ra4 Bb6
21. Nb7 Rb8 22. Nd6+ Kd7 23. Nf5 g6 24. Ne3 Rb7 25. Nd1 f5 26. O-O Bb3 27. Rb4
Bxd1 28. Rxd1+ Ke6 29. Be3 Rhb8 30. Bf4 c5 31. Rb5 Rc8 32. Rd6+ Ke7 33. c4 Rd7
34. Rxd7+ Kxd7 35. Kh1 Kc6 36. Bg5 Rc7 37. g3 Rd7 38. Rb3 Rd4 39. Rc3 Rd1+ 40.
Kg2 Rb1 41. Rb3 Kd7 42. Kh3 Ke6 43. Rb5 Ke5 44. Be3 Kd6 45. Kh4 Kc6 46. Kg5 a6
47. Rb3 Rd1 48. Ra3 a5 49. Kh6 Rd7 50. Bf4 Bd8 51. Be5 Rd2 52. Kxh7 g5 53. f4
gxf4 54. gxf4 Kd7 55. Rh3 a4 56. Rh5 e3 57. Bc3 Rf2 58. Rxf5 Rxh2+ 59. Kg6 Kc6
60. Re5 Rg2+ 61. Kf7 Rf2 62. f5 e2 63. Ke8 Bg5 64. Be1 Rf1 65. Re6+ Kb7 66.
Rxe2 Rxf5 67. Bc3 Bf6 68. Bxf6 Rxf6 69. Kd7 Rf4 70. Kd6 Kb6 71. Re8 Rd4+ 72.
Ke5 Rxc4 73. Re6+ Kb5 74. Re8 Rc2 75. Ra8 Kb4 76. Rb8+ Kc4 77. Rb7 Re2+ 78. Kf4
Re1 79. Kf5 Rb1 80. Ra7 Rxb2 81. Rxa4+ Kb3 82. Ra6 c4 83. Ke4 c3 84. Ke3 Kc2
85. Rg6 Rb3 86. Ke2 Kb1 87. Rg1+ Kb2 88. Kd3 c2+ 89. Kd4 Rc3 90. Ke4 Rc4+ 91.
Kd5 Ra4 92. Ke5 Ra5+ 93. Ke4 c1=Q 94. Rxc1 Kxc1 95. Kd3 Ra4 96. Kc3 Kd1 97. Kd3
Ke1 98. Ke3 Rh4 99. Kd3 Kf2 100. Kd2 Rh3 101. Kc2 Ke2 102. Kc1 Kd3 103. Kb2 Kd2
104. Kb1 Kc3 105. Ka2 Kc2 106. Ka1 Ra3# 0-1

[Event "ICS Rated blitz match"]
[Site "204.178.125.65"]
[Date "2000.02.11"]
[Round "?"]
[White "Hossa"]
[Black "Amateur"]
[Result "0-1"]
[WhiteElo "2521"]
[BlackElo "2435"]
[PlyCount "180"]

1. e4 e5 2. Nf3 Nc6 3. Bb5 a6 4. Ba4 Nf6 5. O-O b5 6. Bb3 Bc5 7. c3 d6 8. d4
Bb6 9. h3 Bb7 10. Re1 O-O 11. Bg5 h6 12. Bh4 exd4 13. cxd4 Na5 14. Bc2 Nc6 15.
Nc3 Nb4 16. Bb1 Re8 17. a3 Nc6 18. Nd5 g5 19. Nxb6 cxb6 20. Bg3 Na5 21. e5 dxe5
22. Nxe5 Qd5 23. f3 Rad8 24. Ba2 Nc4 25. Bf2 Nd7 26. Nd3 Qf5 27. Bb1 Qf6 28. b3
Nd6 29. Qc2 Rc8 30. Rxe8+ Nxe8 31. Qd2 Qd6 32. Ne1 Ng7 33. Be3 Qe6 34. h4 Re8
35. Kf2 Bd5 36. hxg5 hxg5 37. Bxg5 Bxb3 38. Be4 f6 39. Bh6 Qf7 40. Qf4 f5 41.
Bd3 Be6 42. Bxg7 Kxg7 43. d5 Bxd5 44. Bxf5 Ne5 45. Qg5+ Kf8 46. f4 Be6 47. fxe5
Qxf5+ 48. Nf3 Qxg5 49. Nxg5 Bc4 50. Nf3 Rd8 51. g4 Rd3 52. g5 Kf7 53. Nh4 Ke6
54. Nf3 Kf5 55. g6 Kxg6 56. Ne1 Rc3 57. e6 Kf6 58. e7 Kxe7 59. Nf3 Kd6 60. Ng5
Ke5 61. Nf3+ Ke4 62. Nh2 Kf4 63. Kg1 Rc2 64. Rd1 Ra2 65. Rd6 Rxa3 66. Rf6+ Ke4
67. Rxb6 a5 68. Kg2 a4 69. Ng4 Kf4 70. Nf6 Ra2+ 71. Kg1 Ra1+ 72. Kg2 Re1 73.
Nh5+ Kg5 74. Nf6 Re6 75. Rxe6 Bxe6 76. Ne4+ Kg6 77. Nc5 a3 78. Nxe6 a2 79. Nf4+
Kf5 80. Nd3 a1=Q 81. Kf2 b4 82. Kg2 b3 83. Kf2 Qd4+ 84. Ke2 Qc3 85. Nf2 b2 86.
Nd1 Qc2+ 87. Kf3 Qxd1+ 88. Kg3 b1=Q 89. Kf2 Qb2+ 90. Kg3 Qg4# 0-1

[Event "ICS Unrated blitz match"]
[Site "204.178.125.65"]
[Date "2000.02.11"]
[Round "?"]
[White "Hossa"]
[Black "Zippy"]
[Result "0-1"]
[WhiteElo "2501"]
[BlackElo "2191"]
[PlyCount "140"]

1. e4 c5 2. Nf3 d6 3. d4 cxd4 4. Nxd4 Nf6 5. Nc3 Nc6 6. Be3 e5 7. Nb3 Ng4 8.
Bd2 Qb6 9. Qf3 Nf6 10. Bb5 a6 11. Ba4 Bg4 12. Qd3 Bd7 13. Be3 Qd8 14. Nd5 Nxd5
15. exd5 b5 16. dxc6 Bxc6 17. Bxb5 axb5 18. O-O Be7 19. c4 bxc4 20. Qxc4 Qd7
21. Rfc1 Bb5 22. Qc7 Qxc7 23. Rxc7 Bd8 24. Rb7 Ba6 25. Ra7 Rxa7 26. Bxa7 Ke7
27. Rc1 Ke6 28. a4 Bb7 29. f3 Bg5 30. Rc7 Bd5 31. h4 Bxh4 32. Nd2 Ra8 33. Bf2
Bg5 34. Nb1 Rxa4 35. Na3 Rb4 36. Rc2 f5 37. Be1 Be3+ 38. Kh2 Rb3 39. Bc3 h5 40.
Kg3 g5 41. Re2 g4 42. fxg4 hxg4 43. Nc2 Bf4+ 44. Kf2 Be4 45. g3 Bc1 46. Na1 Rb7
47. b3 Rh7 48. Re1 Ba3 49. Kf1 Rh3 50. Re3 Bc5 51. Rxe4 fxe4 52. Be1 Rh2 53. b4
Bb6 54. Nb3 e3 55. Bc3 Rc2 56. Be1 e2+ 57. Kg2 e4 58. Kh1 Rb2 59. Nd2 d5 60.
Kg2 Bd4 61. b5 Rxb5 62. Nxe4 dxe4 63. Bd2 Rc5 64. Kh1 Bc3 65. Be1 Bxe1 66. Kh2
Rh5+ 67. Kg2 Bd2 68. Kf2 e1=Q+ 69. Kg2 Qe2+ 70. Kg1 Be3# 0-1

[Event "ICS Rated standard match"]
[Site "204.178.125.65"]
[Date "2000.02.11"]
[Round "?"]
[White "Hossa"]
[Black "DiepX"]
[Result "0-1"]
[WhiteElo "2264"]
[BlackElo "2497"]
[PlyCount "122"]

1. e4 e5 2. Nf3 Nc6 3. Bb5 a6 4. Ba4 Nf6 5. O-O Be7 6. Re1 b5 7. Bb3 d6 8. c3
O-O 9. h3 Na5 10. Bc2 c5 11. d4 Qc7 12. Nbd2 cxd4 13. cxd4 Nc6 14. a3 Bd7 15.
d5 Na5 16. Nf1 Rac8 17. Bd3 Qb7 18. Ng3 h6 19. Re2 Nh7 20. b4 Nc4 21. Rc2 f5
22. Nxf5 Bxf5 23. exf5 Nb6 24. Rxc8 Rxc8 25. Be3 Nxd5 26. Rc1 Nxe3 27. Rxc8+
Qxc8 28. fxe3 Qc3 29. Qd2 Qxa3 30. Kf2 Nf6 31. Ne1 d5 32. Nc2 Qb2 33. Ke1 h5
34. g3 Qb1+ 35. Kf2 Qh1 36. Qc3 Qh2+ 37. Ke1 Qxg3+ 38. Kd2 Qg2+ 39. Kd1 Qxh3
40. Qc8+ Kh7 41. Qxa6 Qg4+ 42. Kc1 Bxb4 43. Qxb5 Bc3 44. Be2 Qg1+ 45. Bd1 h4
46. Qd3 h3 47. Qxc3 h2 48. Qd3 h1=Q 49. Nb4 Ng4 50. Qxd5 Nxe3 51. Qxh1+ Qxh1
52. Kd2 Qxd1+ 53. Kxe3 Qd4+ 54. Ke2 Qxb4 55. Kf3 Qd4 56. Ke2 e4 57. Ke1 Qb2 58.
Kf1 e3 59. Kg1 Qf2+ 60. Kh1 e2 61. f6 e1=Q# 0-1

[Event "ICS rated blitz match"]
[Site "204.178.125.65"]
[Date "2000.02.11"]
[Round "?"]
[White "HaraldLdahl"]
[Black "Hossa"]
[Result "0-1"]
[WhiteElo "2144"]
[BlackElo "2501"]
[PlyCount "36"]

1. e4 e5 2. Nf3 Nc6 3. Nc3 Nf6 4. Bb5 Nd4 5. Nxd4 exd4 6. e5 dxc3 7. exf6 cxd2+
8. Bxd2 Qxf6 9. Bc3 Qe6+ 10. Kf1 Be7 11. Bxg7 Rg8 12. Bc3 Qg6 13. g3 Qe4 14. f3
Qf5 15. Qe2 Rg6 16. Bd3 Qh3+ 17. Kf2 Re6 18. Qf1 Bc5+ 0-1

[Event "ICS rated blitz match"]
[Site "204.178.125.65"]
[Date "2000.02.11"]
[Round "?"]
[White "PostModernist"]
[Black "Hossa"]
[Result "1-0"]
[WhiteElo "2565"]
[BlackElo "2505"]
[PlyCount "197"]

1. c4 e5 2. Nc3 Nf6 3. g3 Bb4 4. Bg2 O-O 5. a3 Bxc3 6. dxc3 d6 7. Nf3 Nc6 8.
O-O Be6 9. b3 Qe8 10. Bg5 Ne4 11. Be3 f5 12. Qd3 a5 13. a4 Qh5 14. h3 g6 15. g4
fxg4 16. hxg4 Qxg4 17. Nh2 Qh5 18. Bxe4 Bf5 19. Qd5+ Kg7 20. Bf3 Qh4 21. Kh1
Kh8 22. Rfe1 e4 23. Bg2 Rae8 24. c5 Rf6 25. cxd6 Re5 26. Qd2 Rxd6 27. Qc1 Rd7
28. Rd1 Rf7 29. Bf4 Qxf2 30. Bxe5+ Nxe5 31. Rd8+ Kg7 32. Re8 Nd7 33. Qb2 Nf6
34. c4 Qe3 35. Rd8 Qg3 36. Rg1 b6 37. Bf1 Qf2 38. Rg2 Qf4 39. Qd4 Qc1 40. Qe5
Kh6 41. Qg3 Nh5 42. Qf2 Be6 43. Ng4+ Kg7 44. Qd4+ Nf6 45. Rg8+ Kxg8 46. Nxf6+
Kf8 47. Rf2 Bf5 48. Qd8+ Kg7 49. Ne8+ Kg8 50. Nxc7+ Rf8 51. Qd4 e3 52. Rf3 Rf7
53. Nd5 Qb1 54. Qxb6 Be4 55. Ne7+ Kg7 56. Qd4+ Kf8 57. Qd8+ Kg7 58. Qg8+ Kh6
59. Qxf7 Qxf1+ 60. Kh2 Qxe2+ 61. Kg3 Qe1+ 62. Kf4 Qh4+ 63. Kxe3 Qe1+ 64. Kd4
Bxf3 65. Ng8+ Kg5 66. Qxf3 Qd2+ 67. Kc5 Qb4+ 68. Kc6 Qb8 69. Qe3+ Kh4 70. Qe7+
Kg4 71. Qxh7 Qc8+ 72. Kb5 Qe8+ 73. Kxa5 Qd8+ 74. Ka6 Qa8+ 75. Kb6 Qb8+ 76. Kc6
Qc8+ 77. Kd6 Qb8+ 78. Ke6 Qb6+ 79. Kf7 Qc7+ 80. Kxg6 Qg3 81. Nf6+ Kf3+ 82. Kf5
Qf2 83. Ne4 Qd4 84. Ng5+ Ke2 85. Qh5+ Ke3 86. Qh3+ Ke2 87. Qg2+ Kd3 88. Qd5
Qxd5+ 89. cxd5 Kc2 90. a5 Kxb3 91. a6 Kb4 92. a7 Kc5 93. a8=Q Kd4 94. Ne4 Kc4
95. Qa4+ Kd3 96. Qb3+ Ke2 97. Qc2+ Ke1 98. Qf2+ Kd1 99. Qd2# 1-0

[Event "ICS rated standard match"]
[Site "204.178.125.65"]
[Date "2000.02.11"]
[Round "?"]
[White "DiepX"]
[Black "Hossa"]
[Result "1-0"]
[WhiteElo "2504"]
[BlackElo "2264"]
[PlyCount "88"]

1. e4 e5 2. Nf3 Nc6 3. Bb5 a6 4. Ba4 Nf6 5. O-O Be7 6. Re1 b5 7. Bb3 d6 8. c3
O-O 9. h3 Bb7 10. d4 Re8 11. Ng5 Rf8 12. Nf3 Re8 13. Nbd2 exd4 14. cxd4 Na5 15.
Bc2 c5 16. d5 Nd7 17. Nf1 Nc4 18. Ng3 Bf6 19. Rb1 Qa5 20. Nf5 Nde5 21. Nxe5
Bxe5 22. f4 Bd4+ 23. Kh1 g6 24. Nxd4 cxd4 25. Re2 Qb6 26. Bd3 Rac8 27. Ra1 Rc7
28. a4 bxa4 29. Qxa4 Rec8 30. Kh2 Rc5 31. b4 R5c7 32. Rc2 h6 33. Qb3 Ne3 34.
Rxc7 Rxc7 35. Bd2 f5 36. exf5 Nxf5 37. Qa2 Ne7 38. b5 Rc5 39. Ba5 Qa7 40. Qe2
Bxd5 41. Re1 Kf8 42. Bd8 Rc7 43. b6 Qxb6 44. Bxe7+ Kg7 1-0

[Event "ICS rated blitz match"]
[Site "204.178.125.65"]
[Date "2000.02.11"]
[Round "?"]
[White "Hossa"]
[Black "PostModernist"]
[Result "0-1"]
[WhiteElo "2492"]
[BlackElo "2578"]
[PlyCount "116"]

1. e4 c5 2. c3 e6 3. d4 d5 4. e5 Nc6 5. Nf3 Bd7 6. a3 c4 7. Be3 Qb6 8. Qc2 f6
9. Nbd2 fxe5 10. dxe5 Qc7 11. Bd4 g6 12. h4 Bg7 13. h5 O-O-O 14. hxg6 hxg6 15.
Rxh8 Bxh8 16. Qxg6 Nxe5 17. Qg3 Nxf3+ 18. Nxf3 Qxg3 19. fxg3 Bxd4 20. cxd4 Nf6
21. Ne5 Rg8 22. Be2 Rxg3 23. Bf3 Be8 24. Kf2 Rg8 25. Re1 Rf8 26. Kg1 Kc7 27. g4
a5 28. Kg2 Nd7 29. Kg3 Kd6 30. Re2 b5 31. Nxd7 Bxd7 32. Re1 b4 33. axb4 axb4
34. Re3 Rc8 35. Re1 c3 36. bxc3 bxc3 37. Ra1 c2 38. Rc1 e5 39. dxe5+ Kxe5 40.
g5 d4 41. Bb7 d3 42. Bxc8 d2 43. Rxc2 d1=Q 44. Rc5+ Kd6 45. Bxd7 Qg1+ 46. Kh4
Qxc5 47. Bh3 Qf2+ 48. Kg4 Ke5 49. Kh5 Qf3+ 50. Bg4 Qh1+ 51. Kg6 Qe4+ 52. Kg7
Qxg4 53. Kh6 Qe6+ 54. Kg7 Qe7+ 55. Kg6 Kf4 56. Kh6 Kf5 57. g6 Qb7 58. g7 Qh1#
0-1

[Event "ICS rated blitz match"]
[Site "204.178.125.65"]
[Date "2000.02.11"]
[Round "?"]
[White "Hossa"]
[Black "stop69"]
[Result "1/2-1/2"]
[WhiteElo "2480"]
[BlackElo "2348"]
[PlyCount "54"]

1. e4 e5 2. Nf3 Nc6 3. Bb5 Nf6 4. O-O Nxe4 5. d4 Nd6 6. Bxc6 dxc6 7. dxe5 Nf5
8. Qxd8+ Kxd8 9. Nc3 Ke8 10. Ne2 Be6 11. Nf4 Bd5 12. Nxd5 cxd5 13. g4 Ne7 14.
Bf4 Ng6 15. Bg3 h5 16. gxh5 Rxh5 17. Rad1 c6 18. Rd3 Bc5 19. Rfd1 Rf5 20. Kg2
Kf8 21. c4 Ne7 22. Rc1 b6 23. a3 a5 24. Bh4 Ng6 25. Bg3 Ne7 26. Bh4 Ng6 27. Bg3
Ne7 1/2-1/2